Yādnāmah-i shuhadā-yi sāl-i avval-i difāʻ-i muqaddas-i shahristān-i Qum /

Saved in:
நூற்பட்டியல் விவரங்கள்
குழும எழுத்தாளர்: Markaz-i Asnād-i Vizārat-i Iṭṭilāʻāt (Iran)
வடிவம்: புத்தகம்
மொழி:Persian
வெளியீடப்பட்டது: Tihrān : Markaz, 1378 [1999 or 2000]
பதிப்பு:Chāp-i 1.
தொகுதி:Intishārāt-i Markaz-i Asnād-i Inqilāb-i Islāmī. Tārīkh-i inqilāb ; 16.
Intishārāt-i Markaz-i Asnād-i Inqilāb-i Islāmī ; 71.
பகுதிகள்:
குறியீடுகள்: குறிச்சொல் இணை
குறியீடுகள் இல்லை, இந்த குறிச்சொல்லை முதலில் பதிவு செய்யுங்கள்!
LEADER 01060nam a2200253 a 4500
001 008351069-9
005 20090713025959.0
008 000131q19999999ir c b a001|0cper d
035 0 |a ocm43902436 
043 |a a-ir--- 
245 0 0 |a Yādnāmah-i shuhadā-yi sāl-i avval-i difāʻ-i muqaddas-i shahristān-i Qum /  |c tadvīn, Markaz-i Asnād-i Inqilāb-i Islāmī. 
250 |a Chāp-i 1. 
260 |a Tihrān :  |b Markaz,  |c 1378 [1999 or 2000] 
300 |a 270 p., [12] p. of plates :  |b ports. ;  |c 24 cm. 
490 1 |a Markaz-i Asnād-i Inqilāb-i Islāmī ;  |v 71.  |a Tārīkh-i inqilāb ;  |v 16 
504 |a Includes bibliographical references (p. [157]-159) and indexes. 
650 0 |a Iran-Iraq War, 1980-1988  |v Biography. 
650 0 |a Martyrs  |z Iran  |z Qom  |v Biography. 
710 2 |a Markaz-i Asnād-i Vizārat-i Iṭṭilāʻāt (Iran) 
752 |a Iran  |d Tehran. 
830 0 |a Intishārāt-i Markaz-i Asnād-i Inqilāb-i Islāmī.  |p Tārīkh-i inqilāb ;  |v 16. 
830 0 |a Intishārāt-i Markaz-i Asnād-i Inqilāb-i Islāmī ;  |v 71. 
988 |a 20020608 
906 |0 MH